000 00543nam a2200217Ia 4500
003 OSt
005 20220924134957.0
006 a|||||r|||| 00| 0
007 ta
008 220923b |||||||| |||| 00| 0 ben d
024 _a288055
037 _cTextual
040 _aARTS
_cARTS
_bben
041 _2ben
_aben
082 _aDelta2y7N03x10, 157J2
100 _aAsimananda
_9209607
245 0 _aBanshari
260 _c1952
942 _hDelta2y7N03x10, 157J2
_cTEXL
_2CC
999 _c439295
_d439295